Library Banner

The reign of quantity and the signs of the times (Record no. 69481)

MARC details
000 -LEADER
fixed length control field 00498nam a2200193Ia 4500
001 - CONTROL NUMBER
control field 66142
008 - FIXED-LENGTH DATA ELEMENTS--GENERAL INFORMATION
fixed length control field 150404s9999 xx 000 0 und d
020 ## - INTERNATIONAL STANDARD BOOK NUMBER
International Standard Book Number 0900588675
040 ## - CATALOGING SOURCE
Transcribing agency PK-LaUMT
082 ## - DEWEY DECIMAL CLASSIFICATION NUMBER
Classification number 291.2
Item number GUE-R
100 ## - MAIN ENTRY--PERSONAL NAME
Personal name Guenon, Rene
245 #4 - TITLE STATEMENT
Title The reign of quantity and the signs of the times
Statement of responsibility, etc Guenon, Rene
250 ## - EDITION STATEMENT
Edition statement 4th
260 ## - PUBLICATION, DISTRIBUTION, ETC. (IMPRINT)
Place of publication, distribution, etc Hillsdale,New York:
Name of publisher, distributor, etc Sophia Perennis,
Date of publication, distribution, etc 2001
300 ## - PHYSICAL DESCRIPTION
Extent 284 p.
546 ## - LANGUAGE NOTE
Language note EN
650 ## - SUBJECT ADDED ENTRY--TOPICAL TERM
Topical term or geographic name as entry element Materialism-Miscxellanea
942 ## - ADDED ENTRY ELEMENTS (KOHA)
Koha item type Books
Holdings
Withdrawn status Lost status Damaged status Not for loan Home library Current library Date acquired Total Checkouts Full call number Barcode Date last seen Date checked out Price effective from Koha item type
        UMT Main Campus UMT Main Campus 2015-04-02 1 291.2 GUE-R 91482 2015-07-29 2015-07-01 2015-04-04 Books